| 000 | 00994cam a22002651 4500 | ||
|---|---|---|---|
| 001 | 000014265 | ||
| 005 | 20200929163540.0 | ||
| 008 | 770414s1934 fr 000 0 fre | ||
| 010 | _a35001420 | ||
| 035 | _a(OCoLC)2888025 | ||
| 040 |
_aDO-SdBNP _cNSyU _dNSyU _dOCoLC _dDLC |
||
| 042 | _apremarc | ||
| 050 | 0 | 0 |
_aBJ1562 _b.V84 1934 |
| 100 | 1 |
_aVolney, C. F. _q(Constantin-Francois), _d1757-1820. _932206 |
|
| 245 | 1 | 3 |
_aLa loi naturelle; : _bou, Catechisme du citoyen francais. / _cEd. complete et critique (textes de 1793 et de 1826) par Gaston-Martin. |
| 260 |
_aParis, : _bA. Colin, _c1934. |
||
| 300 |
_aviii, 161 p., 1 l. ; _c23 cm. |
||
| 490 | 0 | _aLes classiques de la revolution francaise, pub. sous la direction d'Albert Mathiez et Georges Lefebvre. | |
| 650 | 0 |
_aEthics. _94873 |
|
| 650 | 0 |
_aConduct of life. _932207 |
|
| 650 | 0 |
_aNatural law. _932208 |
|
| 700 | 1 |
_aMartin, Gaston, _eed. _932209 |
|
| 740 | 0 | _aCatechisme du citoyen francais. | |
| 910 | _aCatalogación por copia / LC | ||
| 999 |
_c13861 _d13861 |
||